| 000 | 01231nam a2200277 a 4500 | ||
|---|---|---|---|
| 001 | 000024929 | ||
| 003 | |||
| 005 | 20240313073817.0 | ||
| 008 | 081209s1976 dr r 001 0 spa d | ||
| 040 |
_aDO-SdBNP _bspa _cBNPHU |
||
| 082 | 4 |
_a070.4 _bC697c 1976 _222 |
|
| 100 | 1 |
_aCollado, Lipe, _d1947- _979819 |
|
| 245 | 1 | 0 |
_aCurso de periodismo / _cLipe Collado. |
| 250 | _a2ª ed. | ||
| 260 |
_aSanto Domingo : _bTaller, _c1976. |
||
| 300 |
_a157 p. : _bil. ; _c22 cm. |
||
| 490 |
_aBiblioteca Taller : _v73 |
||
| 505 | 0 |
_gIntroducción -- _tEl periodismo: la mejor de las profesiones -- _tLa noticia -- _tTécnica de la redacción -- _tCaracterísticas de la noticia -- _tLas fuentes -- _tLa entrevista -- _tPárrafos cortos -- _tLa noticia en suspenso -- _tPeriodismo de profundidad -- _tNoticia social -- _tNoticia deportiva -- _tFotoperiodismo -- _tCorrector de estilo -- _tRecomendaciones de estilo -- _tEl artículo -- _tLa noticia curiosa, jocosa, extraña -- _tPunto final -- |
|
| 590 | _aInventariado,2018/DG | ||
| 650 | 4 |
_aPeriodismo _vEnseñanza _926 |
|
| 650 | 4 |
_aPeriodismo _xArte de escribir _927 |
|
| 830 |
_aBiblioteca Taller _n73 _951180 |
||
| 910 | _aValidado. Control de calidad EMS | ||
| 942 |
_2ddc _cLBS1 |
||
| 956 | _aVMateo | ||
| 999 |
_c24422 _d24422 |
||